Datum a čas kvízu
20
Celkem bodů
Celkový počet nahraných bodů na tomto kvízu bez doplňovacích otázek.
9.
Pořadí na kvízu
Konečné umístění týmu na tomto kvízu.
Zaznamenané odpovědi
| # | Otázka | Odpověď | Body | Výsledky |
|---|---|---|---|---|
| 1. | Mimořádně cenné záběry z jisté... | 0 | ||
| 2. | Dánsko chce na hranicích s Něm... | 1 | ||
| 3. | Kdo poslouchal dne 21. března... | 0 | ||
| 4. | Majitelé účtů v České spořitel... | 0 | ||
| 5. | Ačkoli sportovní novináři i fa... | 1 | ||
| 6. | Budeme se zabývat slovy, která... | 0 | ||
| 7. | Bezpečnostní informační služba... | 0 | ||
| 8. | Jak se jmenuje objekt, který v... | 0 | ||
| 9. | Logo které mezinárodní organiz... | 1 | ||
| 10. | Jak se jmenuje zřícenina hradu... | 1 |